000 00538nam a2200193Ia 4500
005 20250508150830.0
008 008 250505s9999 xx 000 0 eng d
037 _aTextBook
040 _aFEDL
_beng
_cFEDL
041 _aeng
_2eng
084 _a370.11, WOL
_qFEDL
100 _aWolff Werner
_983825
245 0 _aPersonality symposium no. 1
260 _aNew York, USA
_bGrune and Stratton
_c1950
300 _a74p.
650 _aEdcuation-Philosophy
_9757771
942 _cTB
_h370.11, WOL
999 _c1325942
_d1325942